Stopy dávnej minulosti. 4, Slovensko v Uhorskom kráľovstve /
Gespeichert in:
| 1. Verfasser: | |
|---|---|
| Weitere Verfasser: | |
| Format: | Buch |
| Sprache: | Slowakisch |
| Veröffentlicht: |
Budmerice :
Vydavateľstvo Rak,
2005
|
| Ausgabe: | 1. vyd. |
| Schriftenreihe: | Stopy dávnej minulosti
|
| Schlagworte: | |
| ISBN: | 8085501295 |
| Online-Zugang: |
|
| Tags: |
Tag hinzufügen
Keine Tags, Fügen Sie den ersten Tag hinzu!
|
MARC
| LEADER | 00000nam a2200000 4500 | ||
|---|---|---|---|
| 003 | SK-BrCVT | ||
| 005 | 20220621184644.0 | ||
| 006 | aachoe 001 0d | ||
| 008 | 200207s2005 xo achoe 001 0dslo#d | ||
| 020 | |a 8085501295 |q (viaz.) | ||
| 035 | |a CVTIDW0073704 | ||
| 040 | |a SNK |b slo |c BJKDG |e AACR2 |d CVTI SR | ||
| 041 | 0 | |a slo | |
| 044 | |a xo |c SK | ||
| 072 | 0 | |a 904 |2 CVTI SR | |
| 080 | |a 904(437.6) |2 2001 | ||
| 080 | |a 903(437.6) | ||
| 100 | 1 | |a Dvořák, Pavel, |d 1937- |4 aut | |
| 245 | 1 | 0 | |a Stopy dávnej minulosti. |n 4, |p Slovensko v Uhorskom kráľovstve / |c Pavel Dvořák ; photography: Jakub Dvořák |
| 246 | 1 | 0 | |a Slovensko v Uhorskom kráľovstve |
| 250 | |a 1. vyd. | ||
| 260 | |a Budmerice : |b Vydavateľstvo Rak, |c 2005 | ||
| 300 | |a 239 s. : |b fotogr., lit., obr. ; |c 25 cm | ||
| 490 | 0 | |a Stopy dávnej minulosti | |
| 504 | |a Výberový register | ||
| 650 | 0 | 7 | |a archeológia |2 BJKDG |
| 650 | 0 | 7 | |a dejiny |2 BJKDG |
| 651 | 7 | |a Slovensko |2 BJKDG | |
| 653 | 1 | |a história | |
| 653 | 1 | |a dejiny | |
| 655 | 7 | |a odborné publikácie |2 SNKPH | |
| 700 | 1 | |a Dvořák, Jakub |4 pht | |
| 760 | 1 | |t Stopy dávnej minulosti | |
| 852 | |a CVTISR |b 1 | ||
| 901 | |a 1 Slovenská národná knižnica Martin (SNK) |b 20200207101453 |d clas01 |u z3950.snk.sk:1111 |i vtls009445525 |m 20081122201100.0 | ||
| 910 | |b A628724 | ||
| 919 | |a 80-85501-29-5 | ||
| 959 | |a 02 | ||
| 974 | |a katarina.repata |f Knihy | ||
| 992 | |a AMG | ||
| 999 | |c 270353 |d 270353 | ||

